Socialización y persona humana / (Record no. 172175)

MARC details
000 -LEADER
campo de control de longitud fija 00634nam a22002055i 4500
001 - NÚMERO DE CONTROL
campo de control 172175
003 - IDENTIFICADOR DE NÚMERO DE CONTROL
campo de control ES-MaACL
005 - FECHA Y HORA DE LA ÚLTIMA TRANSACCIÓN
campo de control 20250808004244.0
008 - DATOS DE LONGITUD FIJA--INFORMACIÓN GENERAL
campo de control de longitud fija 090616s1963 sp |||| | spa d
080 ## - NÚMERO DE LA CLASIFICACIÓN DECIMAL UNIVERSAL
Número de la Clasificación Decimal Universal 301:282(04)
245 00 - MENCIÓN DEL TÍTULO
Título Socialización y persona humana /
Mención de responsabilidad, etc. Alain Barrère... [et al.].
260 ## - PUBLICACIÓN, DISTRIBUCIÓN, ETC.
Lugar de publicación, distribución, etc. Barcelona :
Nombre del editor, distribuidor, etc. Nova Terra,
Fecha de publicación, distribución, etc. [1963]
300 ## - DESCRIPCIÓN FÍSICA
Extensión 388 p. ;
Dimensiones 21 cm.
490 1# - MENCIÓN DE SERIE
Mención de serie El mundo y los hombres
650 ## - PUNTO DE ACCESO ADICIONAL DE MATERIA--TÉRMINO DE MATERIA
Término de materia o nombre geográfico como elemento de entrada Cristianismo-
Subdivisión general Sociología.
9 (RLIN) 17204
700 1# - ENTRADA AGREGADA--NOMBRE PERSONAL
Nombre de persona Barrère, Alain.
9 (RLIN) 25938
830 03 - PUNTO DE ACCESO ADICIONAL DE SERIE-TÍTULO UNIFORME
Título uniforme El mundo y los hombres
9 (RLIN) 181466
852 ## - LOCALIZACIÓN
Ubicación ES-MaACL
Número de control de estantería C-23675
itemnumber R.52497
Holdings
Estatus retirado Estado de pérdida Estado de daño No para préstamo Biblioteca de origen Biblioteca actual Ubicación en estantería Fecha de adquisición Fuente de adquisición Total de préstamos Signatura topográfica completa Código de barras Visto por última vez Precio de reemplazo Tipo de ítem Koha
        Biblioteca del Ateneo de Madrid Biblioteca del Ateneo de Madrid Depósito 2 16/06/2009     C-23675 1180684 23/02/2023 23/02/2023 Libro impreso